[Event "X Torneo Internazionale"]
[Site "Venezia ITA"]
[Date "1971.10.??"]
[Round "1"]
[White "Browne, Walter Shawn"]
[Black "Tatai, Stefano"]
[Result "1/2-1/2"]
[WhiteElo "2500"]
[BlackElo "2440"]
[PlyCount "132"]
[EventDate "1971.10.26"]

1. e4 c5 2. Nf3 d6 3. d4 cxd4 4. Nxd4 Nf6 5. Nc3 g6 6. Be3 Bg7 7. f3 O-O 8. Bc4
Nc6 9. Qd2 Bd7 10. O-O-O Rc8 11. Bb3 Ne5 12. h4 Nc4 13. Bxc4 Rxc4 14. h5 Nxh5
15. g4 Nf6 16. Bh6 Nxe4 17. Qe3 Rxc3 18. bxc3 Nf6 19. Bxg7 Kxg7 20. Qh6+ Kh8
21. Rh2 Rg8 22. Rdh1 Rg7 23. Qg5 Qc7 24. Kb2 Be6 25. Nxe6 fxe6 26. Qe3 Nd5 27.
Qd4 Kg8 28. Re1 Qd7 29. Qc4 Rf7 30. Rhe2 Nf4 31. Re4 e5 32. Rd1 b5 33. Qb3 Qc6
34. c4 b4 35. Qxb4 Ne6 36. Qb5 Qc7 37. Qd5 Nc5 38. Re3 Kg7 39. Ra3 Rf8 40. Re3
Rf4 41. Ra3 a5 42. Ka1 a4 43. Qd2 Qc8 44. Rh1 h6 45. Re3 g5 46. Re2 Rxf3 47.
Reh2 Qxg4 48. Rxh6 Qd4+ 49. Qxd4 exd4 50. Rh7+ Kf8 51. Rh8+ Kf7 52. R8h7+ Ke8
53. Re1 Rf7 54. Rh8+ Kd7 55. Rg8 Rf5 56. Kb2 Rf2 57. Kb1 a3 58. Ra8 Rf3 59.
Ra7+ Kc6 60. Raxe7 g4 61. Kc1 Na4 62. Rg7 g3 63. Re8 Nb6 64. Re1 Na4 65. Re8
Nb6 66. Re1 Na4 1/2-1/2

[Event "X Torneo Internazionale"]
[Site "Venezia ITA"]
[Date "1971.10.??"]
[Round "1"]
[White "Cosulich, Roberto"]
[Black "Zichichi, Alvise"]
[Result "1-0"]
[WhiteElo "2380"]
[BlackElo "2350"]
[PlyCount "101"]
[EventDate "1971.10.26"]

1. e4 g6 2. d4 Bg7 3. Nf3 d6 4. Be2 Nf6 5. Nbd2 O-O 6. O-O Nc6 7. Re1 Re8 8. d5
Nb8 9. c4 e6 10. Bd3 c5 11. Nf1 exd5 12. exd5 Bg4 13. Rxe8+ Nxe8 14. h3 Bxf3
15. Qxf3 Nd7 16. Bd2 b6 17. Rb1 Qh4 18. Qf4 Qxf4 19. Bxf4 Be5 20. Be3 Nc7 21.
Nd2 Re8 22. g4 Re7 23. a3 Ne8 24. b4 Bg7 25. Nb3 Bc3 26. Nc1 Bg7 27. Kf1 Ne5
28. Ke2 f5 29. f4 Nxd3 30. Kxd3 Bd4 31. Bxd4 cxd4 32. gxf5 gxf5 33. Nb3 Re4 34.
Nxd4 Rxf4 35. Re1 Kf7 36. Re6 Rf1 37. Nb5 Rf3+ 38. Ke2 Rxh3 39. Nxd6+ Nxd6 40.
Rxd6 Rxa3 41. c5 bxc5 42. bxc5 Rc3 43. c6 Ke8 44. Kd2 Rc5 45. Ke3 h5 46. Rh6
Rc1 47. Kf4 a5 48. Kxf5 a4 49. Ke6 Kf8 50. Rxh5 a3 51. Rh8+ 1-0

[Event "X Torneo Internazionale"]
[Site "Venezia ITA"]
[Date "1971.10.??"]
[Round "1"]
[White "Radulov, Ivan G."]
[Black "Damjanovic, Mato"]
[Result "1/2-1/2"]
[WhiteElo "2485"]
[BlackElo "2490"]
[PlyCount "83"]
[EventDate "1971.10.26"]

1. e4 c5 2. Nf3 Nc6 3. d4 cxd4 4. Nxd4 Qc7 5. Nc3 e6 6. Be3 a6 7. Bd3 Nf6 8.
O-O Bd6 9. h3 Bf4 10. Qd2 Bxe3 11. Qxe3 Nxd4 12. Qxd4 e5 13. Qe3 d6 14. f4 exf4
15. Rxf4 Be6 16. Nd5 Bxd5 17. exd5+ Qe7 18. Qxe7+ Kxe7 19. Re1+ Kd8 20. Rb4 Ra7
21. a4 a5 22. Rh4 Re8 23. Rxe8+ Kxe8 24. Kf2 Ke7 25. Rc4 Kd8 26. g4 h6 27. h4
Nd7 28. Bf5 Nc5 29. c3 g6 30. Bc2 Nd7 31. h5 Ne5 32. hxg6 fxg6 33. Rf4 Ke7 34.
Kg3 Ra8 35. Rf1 Rf8 36. Rh1 Rf3+ 37. Kg2 Kf6 38. Rxh6 Rf2+ 39. Kxf2 Nxg4+ 40.
Ke2 Nxh6 41. b4 b6 42. Bxg6 1/2-1/2

[Event "X Torneo Internazionale"]
[Site "Venezia ITA"]
[Date "1971.10.??"]
[Round "1"]
[White "Westerinen, Heikki M.J."]
[Black "Bobotsov, Milko Georgiev"]
[Result "1-0"]
[WhiteElo "2435"]
[BlackElo "2485"]
[PlyCount "131"]
[EventDate "1971.10.26"]

1. e4 c5 2. Nf3 Nc6 3. d4 cxd4 4. Nxd4 Qc7 5. Nc3 e6 6. g3 a6 7. Bg2 Nf6 8. O-O
d6 9. Re1 Be7 10. Nxc6 bxc6 11. e5 dxe5 12. Rxe5 Bb7 13. Re1 c5 14. Bf4 Qc8 15.
Bxb7 Qxb7 16. b3 O-O 17. Qe2 c4 18. Ne4 Rfc8 19. Nd6 Bxd6 20. Bxd6 cxb3 21.
cxb3 Nd5 22. Be5 Rc6 23. Rad1 Nc3 24. Bxc3 Rxc3 25. Qe4 Qxe4 26. Rxe4 Rc7 27.
Ra4 Kf8 28. Rd6 a5 29. Rb6 Rca7 30. Rb5 Ke7 31. Kf1 Kd6 32. Rd4+ Ke7 33. a4 Rc8
34. Rc4 Rd8 35. Ke2 Rd5 36. Rxd5 exd5 37. Rc5 Rb7 38. Rxa5 Rxb3 39. Rxd5 Ra3
40. a5 Ke6 41. Rb5 Ra2+ 42. Ke3 Kd6 43. h4 Ra3+ 44. Kf4 Ra4+ 45. Kf5 Kc6 46.
Re5 Kd6 47. h5 Ra3 48. Rb5 Kc6 49. Re5 Kd6 50. f4 Rxg3 51. h6 gxh6 52. Kf6 Rf3
53. f5 h5 54. Re2 Ra3 55. Rd2+ Kc6 56. Kxf7 Rxa5 57. f6 Ra3 58. Kg7 Rg3+ 59.
Kxh7 Rf3 60. Kg6 h4 61. f7 h3 62. Rd3 Rxd3 63. f8=Q Rg3+ 64. Kh7 Kd5 65. Qf5+
Kc6 66. Qe6+ 1-0

[Event "X Torneo Internazionale"]
[Site "Venezia ITA"]
[Date "1971.10.??"]
[Round "2"]
[White "Bobotsov, Milko Georgiev"]
[Black "Hort, Vlastimil"]
[Result "1/2-1/2"]
[WhiteElo "2485"]
[BlackElo "2605"]
[PlyCount "118"]
[EventDate "1971.10.26"]

1. c4 Nf6 2. Nc3 d5 3. cxd5 Nxd5 4. g3 Nb6 5. Nf3 g6 6. Bg2 Bg7 7. O-O Nc6 8.
d3 O-O 9. Be3 h6 10. Rc1 e5 11. Na4 Re8 12. Nc5 Nd4 13. Bd2 c6 14. e3 Ne6 15.
b4 Nd5 16. Qc2 Qe7 17. Rfd1 Nxc5 18. bxc5 Qf6 19. Be1 Bg4 20. Qe2 Qe6 21. e4
Nc7 22. Ba5 Nb5 23. Bc3 Bf8 24. Ba1 Rad8 25. a4 Nc7 26. h3 Bxf3 27. Qxf3 Rd7
28. h4 Bg7 29. Kh2 Qa2 30. Bh3 Ne6 31. Rc4 Red8 32. Bxe6 fxe6 33. Kg2 Rf7 34.
Qe3 h5 35. Rf1 Rdf8 36. Kg1 Rf3 37. Qe1 Rxd3 38. Rc3 Rxc3 39. Bxc3 Qxa4 40. Qb1
Qc4 41. Bd2 Rf7 42. Be3 Rd7 43. Rc1 Qd3 44. Qa2 Kf7 45. Qxa7 Kg8 46. Qb8+ Kh7
47. Qc8 Re7 48. Ra1 Qd7 49. Qa8 Re8 50. Qa7 Rf8 51. Rb1 Rf7 52. Qa4 Qe7 53. Qa8
Qd7 54. Qa4 Qd3 55. Rd1 Qe2 56. Rd2 Qe1+ 57. Kg2 Bh6 58. Bxh6 Kxh6 59. Qc2 Kg7
1/2-1/2

[Event "X Torneo Internazionale"]
[Site "Venezia ITA"]
[Date "1971.10.??"]
[Round "2"]
[White "Damjanovic, Mato"]
[Black "Tatai, Stefano"]
[Result "1/2-1/2"]
[WhiteElo "2490"]
[BlackElo "2440"]
[PlyCount "52"]
[EventDate "1971.10.26"]

1. e4 c5 2. Nf3 d6 3. d4 cxd4 4. Qxd4 a6 5. c4 Nc6 6. Qd1 Nf6 7. Nc3 g6 8. h3
Bg7 9. Bd3 O-O 10. O-O Be6 11. Be3 Nd7 12. Rc1 Nde5 13. Nxe5 Nxe5 14. Nd5 Rc8
15. b4 Bxd5 16. exd5 Nxd3 17. Qxd3 a5 18. a3 axb4 19. axb4 b6 20. Rfe1 Ra8 21.
Re2 Qc7 22. Bg5 Rfe8 23. Rce1 Bf8 24. h4 Rec8 25. Re4 f6 26. Bd2 f5 1/2-1/2

[Event "X Torneo Internazionale"]
[Site "Venezia ITA"]
[Date "1971.10.??"]
[Round "2"]
[White "Gligoric, Svetozar"]
[Black "Cosulich, Roberto"]
[Result "1-0"]
[WhiteElo "2600"]
[BlackElo "2380"]
[PlyCount "121"]
[EventDate "1971.10.26"]

1. d4 Nf6 2. c4 e6 3. Nc3 Bb4 4. e3 b6 5. Nge2 Ba6 6. Ng3 Bxc3+ 7. bxc3 d5 8.
Ba3 dxc4 9. e4 Qd7 10. Be2 Nc6 11. O-O O-O-O 12. Qc2 h5 13. Rfd1 Nb8 14. Bc1 h4
15. Nf1 Qc6 16. Bf3 Bb7 17. Bg5 Rdg8 18. d5 Qd6 19. Nd2 Qe5 20. Bxf6 gxf6 21.
Nxc4 Qf4 22. Qe2 Ba6 23. Qe3 Qxe3 24. Nxe3 Nd7 25. c4 Nc5 26. h3 Rg6 27. Rac1
Kb8 28. Kh2 Bc8 29. Nc2 Bd7 30. Nd4 Rg5 31. Nb3 Nxb3 32. axb3 c5 33. Bg4 Kc7
34. f4 Rg7 35. e5 fxe5 36. d6+ Kd8 37. fxe5 Rg5 38. Re1 Rh6 39. b4 cxb4 40. c5
bxc5 41. Rxc5 f6 42. Rc7 Rxe5 43. Rd1 f5 44. Bf3 Rb5 45. Rxa7 Rb8 46. Rda1 Rh7
47. Ra8 Rxa8 48. Rxa8+ Bc8 49. Bc6 b3 50. Rb8 e5 51. d7 Rxd7 52. Bxd7 Kxd7 53.
Rxb3 f4 54. Rb6 e4 55. Rf6 f3 56. gxf3 exf3 57. Rxf3 Ke7 58. Rf4 Ke6 59. Rxh4
Kf6 60. Kg3 Bf5 61. Rb4 1-0

[Event "X Torneo Internazionale"]
[Site "Venezia ITA"]
[Date "1971.10.??"]
[Round "2"]
[White "Mariotti, Sergio"]
[Black "Westerinen, Heikki M.J."]
[Result "1/2-1/2"]
[WhiteElo "2450"]
[BlackElo "2435"]
[PlyCount "83"]
[EventDate "1971.10.26"]

1. e4 e5 2. Nf3 Nc6 3. Bc4 Be7 4. d4 d6 5. h3 Nf6 6. Nc3 O-O 7. O-O Nxe4 8.
Nxe4 d5 9. Bxd5 Qxd5 10. Nc3 Qd6 11. dxe5 Nxe5 12. Nxe5 Qxe5 13. Re1 Qd6 14.
Qf3 c6 15. Bf4 Qf6 16. Re5 Be6 17. Ne4 Qg6 18. Bg5 Rfe8 19. Bxe7 Rxe7 20. Rg5
Qh6 21. Rg3 Kh8 22. Qa3 Rc7 23. Re1 Bd5 24. Ng5 f6 25. Qd6 Rac8 26. Ne6 Bxe6
27. Rxe6 Qc1+ 28. Kh2 h6 29. Re8+ Rxe8 30. Qxc7 Rg8 31. Qxb7 Qxc2 32. Qxa7 Qxb2
33. a4 Qe5 34. a5 h5 35. h4 g5 36. Qf7 Rg7 37. Qf8+ Kh7 38. a6 Ra7 39. hxg5
fxg5 40. Kg1 Qe1+ 41. Kh2 Qe5 42. Kg1 1/2-1/2

[Event "X Torneo Internazionale"]
[Site "Venezia ITA"]
[Date "1971.10.??"]
[Round "2"]
[White "Radulov, Ivan G."]
[Black "Kavalek, Lubomir"]
[Result "0-1"]
[WhiteElo "2485"]
[BlackElo "2550"]
[PlyCount "70"]
[EventDate "1971.10.26"]

1. e4 c5 2. Nf3 d6 3. d4 cxd4 4. Nxd4 Nf6 5. Nc3 a6 6. Bc4 e6 7. Bb3 b5 8. Qe2
Qb6 9. Be3 Qb7 10. f3 Be7 11. g4 Nfd7 12. g5 Nc5 13. h4 Bd7 14. O-O-O b4 15.
Nb1 Nxb3+ 16. axb3 g6 17. Qg2 e5 18. Ne2 a5 19. f4 a4 20. bxa4 Rxa4 21. fxe5
dxe5 22. h5 Rf8 23. hxg6 hxg6 24. Rd5 Be6 25. Rxe5 Nd7 26. Rxe6 fxe6 27. Nf4
Bc5 28. Bxc5 Nxc5 29. Nxg6 Rg8 30. Qf2 Qc7 31. Qf6 b3 32. Rh8 Nd3+ 33. Kd2
Qxc2+ 34. Ke3 Qc5+ 35. Kd2 Qc1+ 0-1

[Event "X Torneo Internazionale"]
[Site "Venezia ITA"]
[Date "1971.10.??"]
[Round "2"]
[White "Zichichi, Alvise"]
[Black "Browne, Walter Shawn"]
[Result "0-1"]
[WhiteElo "2350"]
[BlackElo "2500"]
[PlyCount "116"]
[EventDate "1971.10.26"]

1. e4 c5 2. Nc3 d6 3. g3 Nc6 4. Bg2 g6 5. d3 Bg7 6. Nd5 e6 7. Ne3 Nge7 8. Ne2
d5 9. exd5 exd5 10. Nf4 d4 11. Nc4 O-O 12. O-O Rb8 13. a4 b6 14. Re1 Bb7 15.
Bd2 Re8 16. h4 a6 17. b3 b5 18. axb5 axb5 19. Na5 Nxa5 20. Bxa5 Qd7 21. Bd2
Bxg2 22. Kxg2 Nc6 23. Qf3 Red8 24. Nh3 Ne5 25. Qf4 Re8 26. Ng1 f5 27. Rad1 Qb7+
28. f3 Nf7 29. h5 Rxe1 30. Bxe1 Bh6 31. Qh4 g5 32. Qh1 g4 33. Kh2 Be3 34. f4
Qxh1+ 35. Kxh1 Ra8 36. Bd2 Bxd2 37. Rxd2 Ra6 38. b4 cxb4 39. Ne2 Rd6 40. Rd1
Nd8 41. Ra1 Ne6 42. Ra8+ Kg7 43. Kg2 Rc6 44. Ra2 Kh6 45. Rb2 b3 46. Rxb3 Rxc2
47. Kf1 Rc5 48. Ra3 Rc6 49. Rb3 Rb6 50. Rb4 Kxh5 51. Ke1 Kg6 52. Kd2 h5 53.
Nxd4 Nxd4 54. Rxd4 h4 55. gxh4 Kh5 56. Rd5 Kxh4 57. Rxf5 Kg3 58. Rf8 b4 0-1

[Event "X Torneo Internazionale"]
[Site "Venezia ITA"]
[Date "1971.10.??"]
[Round "3"]
[White "Browne, Walter Shawn"]
[Black "Gligoric, Svetozar"]
[Result "1-0"]
[WhiteElo "2500"]
[BlackElo "2600"]
[PlyCount "99"]
[EventDate "1971.10.26"]

1. e4 e5 2. Nf3 Nc6 3. Bb5 a6 4. Ba4 Nf6 5. O-O Be7 6. Re1 b5 7. Bb3 d6 8. c3
O-O 9. h3 h6 10. d4 Re8 11. Nbd2 Bf8 12. Nf1 Bb7 13. Ng3 Na5 14. Bc2 Nc4 15. b3
Nb6 16. Bd2 c5 17. d5 Bc8 18. a4 bxa4 19. bxa4 a5 20. Be3 Nc4 21. Nd2 Nxe3 22.
Rxe3 g6 23. Bd3 Bg7 24. Bb5 Rf8 25. Rb1 h5 26. Bc6 Ra7 27. Nc4 h4 28. Nf1 Nh5
29. Nb6 Ba6 30. c4 Nf4 31. Nh2 f5 32. Nf3 Bh6 33. Rbb3 Raf7 34. Kh2 Kh7 35. Re1
Rg8 36. Qc2 Rgg7 37. Kh1 Nh5 38. Kh2 fxe4 39. Rxe4 Rxf3 40. Rxf3 Qxb6 41. Rxh4
Nf4 42. g3 Qd8 43. Rxh6+ Kxh6 44. gxf4 exf4 45. Rxf4 Bc8 46. Qe4 Rh7 47. Be8
Bf5 48. Rxf5 gxf5 49. Qe6+ Kg7 50. Qf7+ 1-0

[Event "X Torneo Internazionale"]
[Site "Venezia ITA"]
[Date "1971.10.??"]
[Round "3"]
[White "Cosulich, Roberto"]
[Black "Bobotsov, Milko Georgiev"]
[Result "1-0"]
[WhiteElo "2380"]
[BlackElo "2485"]
[PlyCount "81"]
[EventDate "1971.10.26"]

1. e4 c5 2. Nf3 Nc6 3. Bb5 g6 4. O-O Bg7 5. Re1 e5 6. Bxc6 bxc6 7. c3 Ne7 8. d4
cxd4 9. cxd4 exd4 10. Nxd4 O-O 11. Nc3 Re8 12. Bg5 Qa5 13. Nf3 Rb8 14. Rb1 Qc7
15. Qd2 d6 16. Bf4 Be5 17. Bxe5 dxe5 18. Qg5 Kg7 19. Qxe5+ Qxe5 20. Nxe5 Rd8
21. b3 f6 22. Nc4 Be6 23. Ne3 Rd2 24. Red1 Rbd8 25. Kf1 f5 26. Ke1 R2d4 27.
Rxd4 Rxd4 28. exf5 gxf5 29. g3 Kf6 30. Rd1 c5 31. Nb5 Rxd1+ 32. Kxd1 Nc6 33.
Kd2 Ke5 34. f4+ Ke4 35. Nd6+ Kf3 36. Ndxf5 Nb4 37. Nd6 Nxa2 38. f5 Bxb3 39.
Nec4 Bxc4 40. Nxc4 Nb4 41. f6 1-0

[Event "X Torneo Internazionale"]
[Site "Venezia ITA"]
[Date "1971.10.??"]
[Round "3"]
[White "Hort, Vlastimil"]
[Black "Mariotti, Sergio"]
[Result "1/2-1/2"]
[WhiteElo "2605"]
[BlackElo "2450"]
[PlyCount "82"]
[EventDate "1971.10.26"]

1. c4 f5 2. Nc3 Nf6 3. Nf3 e6 4. g3 Be7 5. Bg2 O-O 6. d4 d5 7. O-O c6 8. b3 Qe8
9. a4 a5 10. Bf4 Nbd7 11. Rc1 h6 12. c5 Qd8 13. Na2 g5 14. Bd2 Ne4 15. Be1 Bf6
16. Nd2 Nxd2 17. Qxd2 b6 18. b4 axb4 19. Nxb4 bxc5 20. dxc5 Qc7 21. Qa2 Kg7 22.
Bc3 Bxc3 23. Rxc3 Ra5 24. f4 g4 25. Ra1 Kg6 26. Qd2 Bb7 27. Nc2 Rfa8 28. Nd4
Nf8 29. h3 h5 30. hxg4 hxg4 31. Qc2 Bc8 32. Rca3 Kf7 33. Qc3 Ng6 34. e3 e5 35.
fxe5 Nxe5 36. Rf1 Rxa4 37. Rxa4 Rxa4 38. Qc2 Rc4 39. Qb1 Nf3+ 40. Nxf3 gxf3 41.
Rxf3 Qe7 1/2-1/2

[Event "X Torneo Internazionale"]
[Site "Venezia ITA"]
[Date "1971.10.??"]
[Round "3"]
[White "Tatai, Stefano"]
[Black "Zichichi, Alvise"]
[Result "1/2-1/2"]
[WhiteElo "2440"]
[BlackElo "2350"]
[PlyCount "37"]
[EventDate "1971.10.26"]

1. d4 e6 2. c4 f5 3. Nf3 Nf6 4. g3 d5 5. Bg2 c6 6. O-O Bd6 7. b3 Qe7 8. Bb2 O-O
9. Qc1 b5 10. Ne5 bxc4 11. bxc4 Ba6 12. Nd2 Rc8 13. Nd3 Nbd7 14. c5 Bc7 15. Qc2
Ne4 16. Nb3 Rf8 17. f3 Nxg3 18. hxg3 Bxg3 19. f4 1/2-1/2

[Event "X Torneo Internazionale"]
[Site "Venezia ITA"]
[Date "1971.10.??"]
[Round "3"]
[White "Westerinen, Heikki M.J."]
[Black "Radulov, Ivan G."]
[Result "1/2-1/2"]
[WhiteElo "2435"]
[BlackElo "2485"]
[PlyCount "27"]
[EventDate "1971.10.26"]

1. e4 c5 2. Nf3 Nc6 3. Bb5 g6 4. O-O Bg7 5. c3 e5 6. d4 cxd4 7. cxd4 exd4 8.
Nbd2 Nge7 9. Nb3 a6 10. Bc4 O-O 11. Nbxd4 Nxd4 12. Nxd4 d5 13. exd5 Nxd5 14.
Bb3 1/2-1/2

[Event "X Torneo Internazionale"]
[Site "Venezia ITA"]
[Date "1971.10.??"]
[Round "4"]
[White "Mariotti, Sergio"]
[Black "Cosulich, Roberto"]
[Result "1-0"]
[WhiteElo "2450"]
[BlackElo "2380"]
[PlyCount "23"]
[EventDate "1971.10.26"]

1. d4 Nf6 2. Nc3 c5 3. d5 e6 4. e4 exd5 5. e5 Qe7 6. Qe2 Ne4 7. Nxd5 Qxe5 8.
Nc3 d5 9. f3 f5 10. fxe4 fxe4 11. Nf3 Qf5 12. Nh4 1-0

[Event "X Torneo Internazionale"]
[Site "Venezia ITA"]
[Date "1971.10.??"]
[Round "4"]
[White "Radulov, Ivan G."]
[Black "Hort, Vlastimil"]
[Result "1/2-1/2"]
[WhiteElo "2485"]
[BlackElo "2605"]
[PlyCount "66"]
[EventDate "1971.10.26"]

1. e4 c5 2. Nf3 Nc6 3. d4 cxd4 4. Nxd4 Nf6 5. Nc3 d6 6. Bg5 Bd7 7. Qd2 Nxd4 8.
Qxd4 Qa5 9. Bd2 Rc8 10. O-O-O a6 11. f3 e5 12. Qe3 Be6 13. Kb1 Be7 14. g4 Rxc3
15. Bxc3 Qxa2+ 16. Kc1 Bxg4 17. Be2 Bh5 18. b3 Nd7 19. Rd5 Nc5 20. Rxc5 Qa3+
21. Kb1 Qxc5 22. Qxc5 dxc5 23. Bxe5 f6 24. Bg3 Kd7 25. Rd1+ Kc6 26. Bc4 Bxf3
27. Bd5+ Kb6 28. Rd3 Bg4 29. Bf2 Be2 30. Rg3 g5 31. b4 Bb5 32. c4 Bc6 33. bxc5+
Ka7 1/2-1/2

[Event "X Torneo Internazionale"]
[Site "Venezia ITA"]
[Date "1971.10.??"]
[Round "5"]
[White "Browne, Walter Shawn"]
[Black "Mariotti, Sergio"]
[Result "1-0"]
[WhiteElo "2500"]
[BlackElo "2450"]
[PlyCount "59"]
[EventDate "1971.10.26"]

1. e4 e5 2. Nf3 Nc6 3. Bb5 Bc5 4. O-O Nge7 5. Nxe5 Nxe5 6. d4 c6 7. Be2 Bd6 8.
dxe5 Bxe5 9. c4 d5 10. exd5 cxd5 11. Nc3 d4 12. Ne4 f5 13. Ng5 h6 14. Nf3 Bf6
15. c5 O-O 16. Bc4+ Kh7 17. Ng5+ Kg6 18. Nf3 Qa5 19. Bf4 Qxc5 20. Rc1 Qb6 21.
Re1 Nc6 22. Bd6 Rd8 23. Bc5 Qa5 24. b4 Nxb4 25. Qb3 Nc6 26. Bg8 Rxg8 27. Qxg8
d3 28. h4 h5 29. Red1 Rb8 30. Bd6 1-0

[Event "X Torneo Internazionale"]
[Site "Venezia ITA"]
[Date "1971.10.??"]
[Round "5"]
[White "Tatai, Stefano"]
[Black "Bobotsov, Milko Georgiev"]
[Result "1-0"]
[WhiteElo "2440"]
[BlackElo "2485"]
[PlyCount "125"]
[EventDate "1971.10.26"]

1. e4 c5 2. Nf3 Nc6 3. d4 cxd4 4. Nxd4 Qc7 5. Nc3 e6 6. Be3 a6 7. Bd3 b5 8.
Nxc6 Qxc6 9. e5 Bb7 10. Be4 Qc7 11. Qf3 Bxe4 12. Nxe4 Rc8 13. Bf4 Qc4 14. c3 f5
15. exf6 Nxf6 16. Nxf6+ gxf6 17. Be3 Bc5 18. Qxf6 Rg8 19. O-O-O Bxe3+ 20. fxe3
Qxa2 21. Qf3 b4 22. Rhf1 Qa1+ 23. Kc2 Rxc3+ 24. Kd2 Qxb2+ 25. Ke1 Kd8 26. Rf2
Qb3 27. Qa8+ Rc8 28. Qa7 Qc3+ 29. Rfd2 Rg7 30. Kf2 Qc6 31. Kg1 Rf7 32. Qd4 d5
33. Qxb4 Kd7 34. Qg4 Kc7 35. Qe2 Kb7 36. Ra1 Ka7 37. h3 Qc4 38. Qh5 Rb7 39.
Rda2 Rc6 40. Qe8 Qb5 41. Kh2 Rcb6 42. Qd8 Rc6 43. Qe8 Rcb6 44. Qxb5 Rxb5 45.
Rxa6+ Kb8 46. Rxe6 Rb2 47. Rf1 Rg7 48. Rg1 Rg5 49. Rh6 Rg7 50. Rc6 Kb7 51. Rc3
Kb6 52. h4 Rg8 53. Kh3 h5 54. g3 Rf8 55. Rg2 Rb1 56. Rd2 Rf5 57. Kg2 Rff1 58.
Rb2+ Rxb2+ 59. Kxf1 Kb7 60. Rc5 Rd2 61. Ke1 Kb6 62. Kxd2 Kxc5 63. g4 1-0

[Event "X Torneo Internazionale"]
[Site "Venezia ITA"]
[Date "1971.10.??"]
[Round "5"]
[White "Westerinen, Heikki M.J."]
[Black "Damjanovic, Mato"]
[Result "1/2-1/2"]
[WhiteElo "2435"]
[BlackElo "2490"]
[PlyCount "90"]
[EventDate "1971.10.26"]

1. e4 c5 2. Nf3 e6 3. d4 cxd4 4. Nxd4 a6 5. Bd3 Nc6 6. Nxc6 dxc6 7. Be3 e5 8.
a4 Nf6 9. h3 Be6 10. O-O Be7 11. a5 Nd7 12. Nd2 Bg5 13. Qe2 O-O 14. Rfd1 Bxe3
15. Qxe3 Qe7 16. Nc4 Rfd8 17. Be2 Bxc4 18. Bxc4 Nf6 19. c3 g6 20. b4 Kg7 21.
Kf1 h6 22. Ke1 h5 23. Rxd8 Rxd8 24. Rd1 Rxd1+ 25. Kxd1 Ne8 26. Kc2 Nd6 27. Bd3
Qe6 28. Kb2 Nc4+ 29. Bxc4 Qxc4 30. f3 Kf6 31. h4 Kg7 32. Qb6 Qe2+ 33. Kb3 Qd1+
34. Kc4 Qd7 35. Qa7 Qe7 36. Qb8 Kh7 37. f4 f6 38. fxe5 fxe5 39. Qc8 Kg7 40. g4
hxg4 41. Qxg4 Kh6 42. Qc8 Kh5 43. Qg8 Kxh4 44. Qxg6 Kh3 45. Qg8 Kh4 1/2-1/2

[Event "X Torneo Internazionale"]
[Site "Venezia ITA"]
[Date "1971.10.??"]
[Round "6"]
[White "Bobotsov, Milko Georgiev"]
[Black "Zichichi, Alvise"]
[Result "1-0"]
[WhiteElo "2485"]
[BlackElo "2350"]
[PlyCount "69"]
[EventDate "1971.10.26"]

1. d4 Nf6 2. c4 d6 3. Nc3 e5 4. d5 Bf5 5. Nf3 h6 6. g3 Nbd7 7. Bg2 a5 8. O-O g5
9. Nd2 Nc5 10. Nb3 b6 11. Nxc5 bxc5 12. e4 Bg4 13. f3 Bh5 14. a4 Nd7 15. Qe1
Bg6 16. Bd2 Qb8 17. Nb5 Qb6 18. Ra3 Bg7 19. Bh3 Nb8 20. Rb3 Ke7 21. Kh1 Nd7 22.
f4 exf4 23. gxf4 gxf4 24. Qh4+ Ke8 25. Bxf4 Ne5 26. Bxe5 Bxe5 27. Bf5 Bxf5 28.
Rxf5 Rd8 29. Qh5 Rh7 30. Nxd6+ Qxd6 31. Rxe5+ Kf8 32. Rf3 Qb6 33. Ref5 Rd7 34.
e5 Re7 35. e6 1-0

[Event "X Torneo Internazionale"]
[Site "Venezia ITA"]
[Date "1971.10.??"]
[Round "6"]
[White "Radulov, Ivan G."]
[Black "Browne, Walter Shawn"]
[Result "0-1"]
[WhiteElo "2485"]
[BlackElo "2500"]
[PlyCount "85"]
[EventDate "1971.10.26"]

1. e4 c5 2. Nf3 d6 3. d4 cxd4 4. Nxd4 Nf6 5. Nc3 a6 6. Bc4 b5 7. Bb3 e6 8. Qe2
Be7 9. Bg5 O-O 10. f4 b4 11. Na4 Bb7 12. Bxf6 Bxf6 13. O-O-O Qa5 14. Qe1 Nc6
15. Nf3 Qc7 16. Qe3 Na5 17. Qb6 Rac8 18. Qxc7 Rxc7 19. Rhe1 Rd8 20. f5 Nxb3+
21. axb3 exf5 22. exf5 Kf8 23. Rd3 h5 24. Nb6 Rc5 25. Nc4 d5 26. Nce5 d4 27.
Kd2 Bc8 28. Nxd4 Bxe5 29. Ne6+ Bxe6 30. Rxd8+ Ke7 31. Ra8 Bxf5 32. c3 Kf6 33.
Rxa6+ Kg5 34. cxb4 Bf4+ 35. Ke2 Rc2+ 36. Kf3 Bg4+ 37. Ke4 f5+ 38. Kd3 Rxg2 39.
b5 Rxh2 40. b6 Rd2+ 41. Kc3 Rd6 42. Re7 g6 43. b4 0-1

[Event "X Torneo Internazionale"]
[Site "Venezia ITA"]
[Date "1971.10.??"]
[Round "7"]
[White "Browne, Walter Shawn"]
[Black "Kavalek, Lubomir"]
[Result "1-0"]
[WhiteElo "2500"]
[BlackElo "2550"]
[PlyCount "81"]
[EventDate "1971.10.26"]

1. e4 c5 2. Nf3 e6 3. Nc3 a6 4. d4 cxd4 5. Nxd4 b5 6. Bd3 d6 7. O-O Nf6 8. a4
b4 9. Na2 e5 10. Nb3 Nc6 11. Bg5 Be6 12. Qe2 Qc8 13. Bxf6 gxf6 14. Kh1 a5 15.
Bc4 Nd4 16. Bxe6 fxe6 17. Nxd4 exd4 18. c3 dxc3 19. bxc3 b3 20. Qb5+ Kf7 21.
Qxb3 Rb8 22. Qd1 Qc5 23. Nc1 Qxc3 24. Qh5+ Kg7 25. Ne2 Qe5 26. Qh3 h5 27. f4
Qb2 28. Rae1 Kf7 29. f5 e5 30. Nc3 Rb3 31. Rb1 Qc2 32. Rxb3 Qxb3 33. Qd3 Be7
34. Rb1 Qa3 35. Qc4+ Kg7 36. g3 Re8 37. Kg2 h4 38. gxh4 d5 39. Nxd5 Kh8 40. Qb3
Qc5 41. Qc3 1-0

[Event "X Torneo Internazionale"]
[Site "Venezia ITA"]
[Date "1971.10.??"]
[Round "7"]
[White "Cosulich, Roberto"]
[Black "Westerinen, Heikki M.J."]
[Result "1-0"]
[WhiteElo "2380"]
[BlackElo "2435"]
[PlyCount "81"]
[EventDate "1971.10.26"]

1. e4 Nf6 2. e5 Nd5 3. d4 d6 4. Nf3 g6 5. Bc4 Nb6 6. Bb3 Bg7 7. a4 dxe5 8. Nxe5
O-O 9. O-O c5 10. a5 N6d7 11. Nxd7 Bxd7 12. d5 Na6 13. Qe2 Re8 14. c3 Nc7 15.
Rd1 Nb5 16. Nd2 Nd6 17. Ne4 Rc8 18. Bf4 Bf5 19. Ng3 Bd7 20. h4 Bb5 21. c4 Bd7
22. Be5 f6 23. Bf4 Nf7 24. Bc2 f5 25. Ra3 Bd4 26. Nxf5 e5 27. Nxd4 exd4 28. Qd2
Qxh4 29. Rb3 Ne5 30. Bg3 Qg4 31. Rxb7 Nxc4 32. Qh6 Ne5 33. Bxe5 Rxe5 34. f3 Qh5
35. Qxh5 gxh5 36. Rxd7 Re2 37. Bxh7+ Kf8 38. Rb7 Rd8 39. Be4 Rd6 40. b4 Ra6 41.
Bd3 1-0

[Event "X Torneo Internazionale"]
[Site "Venezia ITA"]
[Date "1971.10.??"]
[Round "7"]
[White "Gligoric, Svetozar"]
[Black "Bobotsov, Milko Georgiev"]
[Result "1-0"]
[WhiteElo "2600"]
[BlackElo "2485"]
[PlyCount "79"]
[EventDate "1971.10.26"]

1. d4 Nf6 2. c4 e6 3. Nc3 d5 4. Bg5 Be7 5. e3 O-O 6. Nf3 Nbd7 7. Rc1 b6 8. cxd5
exd5 9. Bd3 Bb7 10. O-O c5 11. Bf5 Re8 12. Qc2 g6 13. Bh3 Ne4 14. Bxe7 Qxe7 15.
Bxd7 Qxd7 16. dxc5 bxc5 17. Nxe4 dxe4 18. Nd2 Re5 19. Rfd1 Qg4 20. h3 Qh4 21.
Nc4 Rg5 22. Kh2 Bc8 23. Rd8+ Kg7 24. Rxc8 Rxc8 25. Nd6 Rc6 26. Nxe4 Re5 27. f4
Rd5 28. Qc3+ Kg8 29. Qc4 Qd8 30. b4 Rd3 31. b5 Rb6 32. Rc3 Rxc3 33. Nxc3 Qe7
34. Nd5 Qd6 35. e4 Rb8 36. e5 Qe6 37. Qxc5 Kg7 38. Qxa7 Rd8 39. Nf6 Rd2 40. Qa8
1-0

[Event "X Torneo Internazionale"]
[Site "Venezia ITA"]
[Date "1971.10.??"]
[Round "7"]
[White "Zichichi, Alvise"]
[Black "Mariotti, Sergio"]
[Result "0-1"]
[WhiteElo "2350"]
[BlackElo "2450"]
[PlyCount "52"]
[EventDate "1971.10.26"]

1. e4 e5 2. Nf3 Nc6 3. Bb5 Bc5 4. c3 f5 5. d4 fxe4 6. Ng5 Bb6 7. O-O d5 8. dxe5
e3 9. Nf3 exf2+ 10. Kh1 Nge7 11. Bg5 O-O 12. Nbd2 a6 13. Bxc6 bxc6 14. Nd4 Qe8
15. N2f3 c5 16. Nc2 c6 17. Be3 Bg4 18. Bxf2 Qh5 19. Nce1 Ng6 20. Bg3 Nxe5 21.
Bxe5 Qxe5 22. Qa4 Qe2 23. Rg1 c4 24. Nd4 Bxd4 25. cxd4 Rf6 26. Nc2 Bf5 0-1